Top 50 Highest Rated Players in EA FC (FIFA) 25 Ultimate Team - Statistics

General Stats
  • This quiz has been taken 1,139 times
    335 since last reset
  • The average score is 26 of 50
Answer Stats
Rating Player Nationality % Correct
91 Kylian Mbappé
99%
91 Erling Haaland
98%
91 Rodri
91%
89 Martin Ødegaard
87%
90 Jude Bellingham
86%
90 Vini Jr.
86%
90 Harry Kane
84%
90 Kevin De Bruyne
84%
88 Lionel Messi
84%
89 Mohamed Salah
83%
89 Virgil van Dijk
75%
88 Robert Lewandowski
72%
89 Thibaut Courtois
72%
89 Gianluigi Donnarumma
70%
89 Lautaro Martínez
68%
88 Jan Oblak
65%
88 Federico Valverde
64%
87 Victor Osimhen
64%
89 Alisson
61%
91 Aitana Bonmatí
58%
90 Alexia Putellas
58%
88 Phil Foden
58%
87 Jamal Musiala
55%
88 Rúben Dias
53%
90 Sam Kerr
53%
88 Florian Wirtz
51%
89 Marc-André ter Stegen
51%
88 Bernardo Silva
50%
87 Bukayo Saka
47%
88 Ederson
47%
90 Caroline Graham Hansen
44%
88 Gregor Kobel
43%
88 Antoine Griezmann
40%
87 William Saliba
36%
88 Antonio Rüdiger
35%
87 Paulo Dybala
31%
89 Sophia Wilson
28%
87 Theo Hernández
28%
89 Ada Hegerberg
27%
88 Wendie Renard
22%
89 Mapi León
21%
88 Christiane Endler
20%
88 Guro Reiten
20%
88 Irene Paredes
18%
88 Patri Guijarro
18%
87 Alexandra Popp
16%
88 Marie Katoto
16%
88 Debinha
14%
88 Kadidiatou Diani
14%
88 Beth Mead
13%
No matching quizzes found
Score Distribution
Percent of People with Each Score
Percentile by Number Answered
Your Score History
You have not taken this quiz since the last reset